7 Feasts of Jehovah - Statistics

General Stats
  • This quiz has been taken 135 times
  • The average score is 3 of 7
Answer Stats
Answer % Correct
Passover
95%
Atonement
50%
Tabernacles
46%
Pentecost
42%
Trumpets
37%
Unleavened Bread
36%
Firstfruits
27%
No matching quizzes found
Score Distribution
Percent of People with Each Score
Percentile by Number Answered
Your Score History
You have not taken this quiz